Herr der Ringe / Hobbit Charaktere Extreme - Statistiken

Allgemein
  • Dieses Quiz wurde 222 mal gespielt
  • Das Durchschnittsergebnis liegt bei 45 aus 70
Antwortstatistiken
Bildquiz Antwort % Korrekt
Bilbo
96%
Gollum
96%
Frodo
95%
Gandalf
95%
Sam
95%
Saruman
94%
Legolas
93%
Aragorn
92%
Pippin
92%
Gimli
90%
Merry
90%
Sauron
90%
Smaug
90%
Elrond
89%
Galadriel
88%
Balin
87%
Boromir
87%
Arwen
86%
Baumbart
85%
Faramir
85%
Thorin
84%
Kili
82%
Hexenkönig von Angmar
81%
Theoden
81%
Eowyn
80%
Grima Schlangenzunge
80%
Durin's Fluch
79%
Fili
79%
Schattenfell
79%
Isildur
74%
Radagast
74%
Azog
72%
Kankra
70%
Eomer
69%
Thranduil
68%
Tauriel
67%
Bard
66%
Bombur
66%
Dwalin
66%
Gloin
62%
Celeborn
61%
Sauron's Mund
60%
Bofur
57%
Bolg
57%
Denethor
57%
Beorn
56%
Bifur
55%
Deagol
53%
Oin
53%
Ori
51%
Haldir
50%
Nori
49%
Thror
49%
Bürgermeister von Seestadt
45%
Lurtz
45%
Rosie
45%
Dain Eisenfuß
44%
Dori
42%
Der Große Ork
40%
Thrain
38%
Hama
32%
König der Toten
32%
Gothmog
28%
Elendil
27%
Alfrid
26%
Bain
25%
Gamling
22%
Tilda
20%
Sigrid
16%
Madril
7%
Keine übereinstimmenden Quizze gefunden
Verteilung der Resultate
Anzahl Personen mit jedem Resultat
Perzentil nach korrekt beantworteten Fragen
Ihre Resultats-Entwicklung
Sie haben dieses Quiz noch nicht gespielt